Inventing the future

Сохранить в:
Библиографические подробности
Главный автор: Gabor, Dennis
Формат:
Язык:Undetermined
Опубликовано: London Penguin Books 1963
Предметы:
Метки: Добавить метку
Нет меток, Требуется 1-ая метка записи!
Thư viện lưu trữ: Trung tâm Học liệu Trường Đại học Cần Thơ
LEADER 00457nam a2200181Ia 4500
001 CTU_86136
008 210402s9999 xx 000 0 und d
082 |a 901.94 
082 |b G116 
100 |a Gabor, Dennis 
245 0 |a Inventing the future 
245 0 |c Dennis Gabor 
260 |a London 
260 |b Penguin Books 
260 |c 1963 
650 |a Civilization, modern 
904 |i Năm 
980 |a Trung tâm Học liệu Trường Đại học Cần Thơ